Zakat sebagai hukum diyani dan qada'i dalam Negara Indonesia /
Saved in:
| Main Author: | |
|---|---|
| Format: | Thesis |
| Language: | Indonesian |
| Published: |
Jakarta :
Universitas Islam Negeri (UIN) Syarif Hidayatullah,
2005
|
| Subjects: | |
| Tags: |
Add Tag
No Tags, Be the first to tag this record!
|
| LEADER | 014680000a22003370004500 | ||
|---|---|---|---|
| 001 | 481643 | ||
| 005 | 20230419160342.0 | ||
| 008 | 100616s2005 io g m 000 0 ind d | ||
| 035 | |a (Sirsi) 481643 | ||
| 040 | |a UIAM |b eng |e rda | ||
| 041 | |a ind | ||
| 043 | |a a-io-- | ||
| 050 | 0 | |a BP180.9 I5 | |
| 100 | 1 | |a Miftah, A. A., |e author |9 93308 | |
| 245 | 1 | 0 | |a Zakat sebagai hukum diyani dan qada'i dalam Negara Indonesia / |c A. A. Miftah |
| 264 | 1 | |a Jakarta : |b Universitas Islam Negeri (UIN) Syarif Hidayatullah, |c 2005 | |
| 300 | |a xxii, 277 leaves ; |c 30 cm. | ||
| 336 | |2 rdacontent |a text | ||
| 337 | |2 rdamedia |a unmediated | ||
| 338 | |2 rdacarrier |a volume | ||
| 500 | |a "Disertasi diajukan untuk melengkapi persyaratan memperoleh gelar Doktor dalam Ilmu Agama Islam."--On title page. | ||
| 502 | |a Tesis (MA)--Universitas Islam Negeri (UIN) Syarif Hidayatullah, 2005. | ||
| 504 | |a Includes bibliographical references (leaves 269-275). | ||
| 546 | |a In Indonesian. | ||
| 650 | 0 | |a Zakat |v Case studies |z Indonesia |9 93309 | |
| 655 | 0 | 7 | |a Theses, non-IIUM |
| 900 | |a hj-zhmn-amr | ||
| 942 | |2 lcc |n 0 | ||
| 999 | |c 434121 |d 464182 | ||
| 952 | |0 0 |6 TI BP 180.9 I5 M633Z 2005 |7 0 |8 THESES |9 753439 |a IIiBFL |b IIiBFL |c CLOSEACCES |g 289.00 |o ti BP 180.9 I5 M633Z 2005 |p 00011162082 |r 2017-10-30 |t 1 |v 289.00 |y THESIS | ||
| 952 | |0 0 |6 TI BP 180.9 I5 M633Z 2005 |7 0 |8 THESES |9 754083 |a IIUM |b IIUM |c MULTIMEDIA |g 289.00 |o ti BP 180.9 I5 M633Z 2005 |p 00011162079 |r 2017-10-23 |t 1 |v 289.00 |y THESIS | ||
